000 01826nam a2200397 c 4500
999 _c73578
_d73578
003 BLK
005 20250718125027.0
008 180408b bul|||||r ||||||| ||bul||
010 _aKNG00077973000
020 _a954-527-255-4
040 _aBLK
041 _aBUL
_cBUL
080 _aАнглийска литература
_b821.111
_x-93-32
_z821.111-93-32
100 1 _aКарол, Луис
_eпърви автор
_gДоджсон, Чарлз
_9247911
139 _aКарол, Луис
_bК 42
245 1 0 _aАлиса в Страната на чудесата или приключенията на Алиса в Чудесания
_cЛуис Карол; прев. Светлана Николаева Комогорова; прев. Силвия Илиева Вълкова; худож. Джон Тениъл.
250 _a2. прераб. изд.
257 _aGBR
260 _bДамян Яков
_c2004
_fСофия : Симолини 94
300 _a136 с.
_bс ил.
_c22 см
380 _aDX
500 _aОриг. загл. Alice's Adventures in Wonder land ; Кор. загл. Алиса в Страната на чудесата. - Луис Карол - псевд. на Чарлз Латуидж Доджсън. - 1. изд. 1997.
653 _aповести
653 _aлитература за деца
653 _aдетска литература
700 _aКомогорова, Светлана Николаева
_9364272
700 1 _aВълкова, Силвия Илиева
_eпрев.
_9371543
700 1 _aТениъл, Джон
_eхудож.
_9128371
852 _aЦб 235833
856 4 _qpdf
856 4 _qpdf
942 _cKNG
_n0
_053
_s1
944 _aCR
_c30.08.2007
_k30551
_lБояна Костадинова
944 _aED
_c02.01.2008
999 _d73578